000 00626nam a2200193 i 4500
001 79982
003 ES-MaACL
005 20230906174111.0
007 t|
008 041025s1963 sp ||||1| spa d
100 1 _aHilly, G.
_963732
245 1 0 _aCurso básico de metalurgia física
_b: aleaciones metálicas /
_cG. Hilly, C. Chaussin ; versión española por Martín Kraemer Morata.
250 _a1ª ed.
260 _aBarcelona :
_bJosé Montesó,
_c[1963]
300 _a248 p. :
_bil. ;
_c22 cm.
700 1 _aKraemer Morata, Martín.
_968699
700 1 _aChaussin, C.
_938213
852 _aES-MaACL
_jF-14679
_bR.53511
999 _c79982
_d79982